000
00280 a2200121 4500
001
154902
040
_c
Escola São Tomás de Aquino
100
_a
BEGHININI, Fabiana
240
1
0
_a
Um pedacinho do céu
_l
por
245
1
0
_a
Um pedacinho do céu
697
_a
CIÊNCIAS
942
_c
BK
999
_c
154902
_d
154902